Wards of Havering, London - Statistics

General Stats
  • This quiz has been taken 11 times
  • The average score is 5 of 18
Answer Stats
Answer % Correct
Harold Wood
71%
Elm Park
43%
Emerson Park
43%
Pettits
43%
Romford Town
43%
Cranham
29%
Gooshays
29%
Havering Park
29%
Heaton
29%
Mawneys
29%
Rainham and Wennington
29%
Squirrel's Heath
29%
St Andrew's
29%
Upminster
29%
Brooklands
14%
Hacton
14%
Hylands
14%
South Homchurch
0%
No matching quizzes found
Score Distribution
Percent of People with Each Score
Percentile by Number Answered
Your Score History
You have not taken this quiz